Statistics for U.S. States Bigger than Their Neighbors

Click here to take the quiz!

General Stats

  • This quiz has been taken 10,624 times
  • The average score is 5 of 7

Answer Stats

Rank State % Correct
2Texas
99%
3California
96%
4Montana
73%
30New York
70%
39Maine
49%
21Georgia
42%
14Minnesota
38%

Score Distribution

Percentile by Number Answered

Percent of People with Each Score

Your Score History

You have not taken this quiz